Największe półwyspy świata - Statystyki

Ogólne statystyki
  • Ten quiz został rozwiązany 684 razy
  • Średni wynik to 10 z 20
Statystyki odpowiedzi
Lp. Odpowiedź % Poprawnych
1. Półwysep Arabski 2 780 000
88%
1. Azja
65%
2. Azja
58%
3. Azja
58%
5. Europa
55%
4. Ameryka Północna
53%
2. Półwysep Indochiński 2 174 000
53%
7. Półwysep Iberyjski 580 000
52%
7. Europa
51%
5. Półwysep Skandynawski 800 000
51%
9. Europa
50%
3. Półwysep Indyjski 2 088 000
50%
6. Afryka
48%
8. Azja
48%
10. Azja
46%
9. Półwysep Bałkański 470 000
43%
4. Labrador 1 430 000
35%
6. Półwysep Somalijski 750 000
30%
8. Azja Mniejsza 500 000
17%
10. Półwysep Tajmyr 400 000
6%
Nie znaleziono quizów pasujących do podanych kryteriów
Rozkład punktacji
Procent ludzi z każdym wynikiem
Percentyl według liczby udzielonych odpowiedzi
Twoja historia wyników
Nie rozwiązałeś tego quizu